=LDR 00000nam 2200000 4500 =001 INLIS000000000051599 =005 20171003083954 =035 ##$$a 0010-1017000038 =007 ta =008 171003###########################0###### =020 ##$$a 978-602-7996-47-2 =082 ##$$a 635.986 =084 ##$$a 635.986 IKA p =100 #$$a Ika Rakhmawati =245 1#$$a Panen Rezeki dari Hobi Tabu Lampot /$c Ika Rakhmawati =260 ##$$a Yogyakarta :$b Trans Idea Publishing,$c 2014 =300 ##$$a 131 hlm : $b ilus. ; $c 23 cm =500 ##$$a Biografi ; Hlm. 131 =650 ##$$a Tanaman Buah dalam Pot =504 ##$$a Bibliografi : Hlm.127-129 =990 ##$$a 1212812128 =990 ##$$a 1212812128 =990 ##$$a 1212812128 =990 ##$$a 1212812128 =990 ##$$a 1212812128 =990 ##$$a 1213312133 =990 ##$$a 1213312133 =990 ##$$a 1213312133 =990 ##$$a 1213312133 =990 ##$$a 1213312133